000 00309nam a2200121Ia 4500
008 220217s9999||||xx |||||||||||||| ||und||
082 _a510 CHA
100 _aK.S.C
245 0 _aEngineering Mathematics IV
260 _aSudha Publications
_bBngalore
_c2012
300 _a443
_b330
650 _aMATHEMATICS
999 _c184852
_d184852